Физика 3.1. (СО): электронный курс
| Autor corporatiu: | |
|---|---|
| Altres autors: | , , , , , |
| Sumari: | Заглавие с экрана В курсе «Физика 3.1» рассматриваются разделы физики: геометрическая и волновая оптика, элементы квантовой механики и физики твердого тела, основы атомной физики, физика атомного ядра и элементарных частиц. Основное внимание уделено разъяснению основополагающих законов, явлений и понятий, связанных с данным разделом курса физики. В результате освоения курса студент должен воспроизводить основные понятия, определения и законы курса «Физика 3.1», решать качественные и количественные задачи, проводить физические измерения и оценивать погрешность эксперимента Доступ по логину и паролю |
| Idioma: | rus |
| Publicat: |
Томск, TPU Moodle, 2015
|
| Matèries: | |
| Accés en línia: | https://design.lms.tpu.ru/course/view.php?id=1151 |
| Format: | MixedMaterials Electrònic Llibre |
| KOHA link: | https://koha.lib.tpu.ru/cgi-bin/koha/opac-detail.pl?biblionumber=665582 |
MARC
| LEADER | 00000nlm0a2200000 4500 | ||
|---|---|---|---|
| 001 | 665582 | ||
| 005 | 20240214085348.0 | ||
| 035 | |a (RuTPU)RU\TPU\network\36781 | ||
| 035 | |a RU\TPU\network\26392 | ||
| 090 | |a 665582 | ||
| 100 | |a 20211020d2015 m y0rusy50 ca | ||
| 101 | 0 | |a rus | |
| 102 | |a RU | ||
| 105 | |a a j 000zy | ||
| 135 | |a jrcn ---uucaa | ||
| 181 | 0 | |a i | |
| 182 | 0 | |a b | |
| 200 | 1 | |a Физика 3.1. (СО) |e электронный курс |f С. И. Кузнецов, Л. И. Семкина, Е. А. Склярова [и др.] |g Национальный исследовательский Томский политехнический университет, Физико-технический институт, Кафедра общей физики | |
| 203 | |a Текст |c электронный | ||
| 210 | |a Томск |c TPU Moodle |d 2015 | ||
| 300 | |a Заглавие с экрана | ||
| 330 | |a В курсе «Физика 3.1» рассматриваются разделы физики: геометрическая и волновая оптика, элементы квантовой механики и физики твердого тела, основы атомной физики, физика атомного ядра и элементарных частиц. Основное внимание уделено разъяснению основополагающих законов, явлений и понятий, связанных с данным разделом курса физики. В результате освоения курса студент должен воспроизводить основные понятия, определения и законы курса «Физика 3.1», решать качественные и количественные задачи, проводить физические измерения и оценивать погрешность эксперимента | ||
| 333 | |a Доступ по логину и паролю | ||
| 606 | 1 | |a Физика |2 stltpush |3 (RuTPU)RU\TPU\subj\63709 |9 80688 | |
| 610 | 1 | |a электронный ресурс | |
| 610 | 1 | |a труды учёных ТПУ | |
| 610 | 1 | |a электронные учебные пособия | |
| 610 | 1 | |a учебные пособия | |
| 610 | 1 | |a Moodle | |
| 610 | 1 | |a e-learning | |
| 610 | 1 | |a оптика | |
| 610 | 1 | |a квантовая физика | |
| 610 | 1 | |a атомная физика | |
| 610 | 1 | |a ядерная физика | |
| 610 | 1 | |a элементарные частицы | |
| 675 | |a 53(075.8) |v 4 | ||
| 701 | 1 | |a Кузнецов |b С. И. |c физик |c доцент Томского политехнического университета, кандидат технических наук |f 1952- |g Сергей Иванович |3 (RuTPU)RU\TPU\pers\27957 | |
| 701 | 1 | |a Семкина |b Л. И. |c физик |c доцент Томского политехнического университета, кандидат технических наук |f 1945- |g Людмила Иосифовна |3 (RuTPU)RU\TPU\pers\27961 | |
| 701 | 1 | |a Склярова |b Е. А. |c физик |c доцент Томского политехнического университета, кандидат педагогических наук |f 1972- |g Елена Александровна |3 (RuTPU)RU\TPU\pers\24507 |9 10826 | |
| 701 | 1 | |a Малютин |b В. М. |c физик |c старший преподаватель Томского политехнического университета |f 1961- |g Василий Михайлович |3 (RuTPU)RU\TPU\pers\30227 |9 14607 | |
| 701 | 1 | |a Немирович-Данченко |b Л. Ю. |c физик |c старший преподаватель Томского политехнического университета |f 1981- |g Любовь Юрьевна |3 (RuTPU)RU\TPU\pers\33545 |9 17212 | |
| 701 | 1 | |a Смекалина |b Т. В. |c физик |c старший преподаватель Томского политехнического университета |f 1961- |g Татьяна Владимировна |3 (RuTPU)RU\TPU\pers\28215 |9 13169 | |
| 712 | 0 | 2 | |a Национальный исследовательский Томский политехнический университет |b Физико-технический институт |b Кафедра общей физики |3 (RuTPU)RU\TPU\col\18734 |
| 801 | 2 | |a RU |b 63413507 |c 20220415 |g RCR | |
| 856 | 4 | |u https://design.lms.tpu.ru/course/view.php?id=1151 | |
| 942 | |c CF | ||